| 000 | 00427 a2200109 4500 | ||
|---|---|---|---|
| 001 | ART_8038 | ||
| 005 | 20260410161831.0 | ||
| 008 | 260409a | ||
| 245 | 1 | 0 | _aUna revisión cuantitativa de los antecedentes sobre la decisión de eliminación de productos |
| 100 | 1 | _aRodriguez Escudero, Ana Isabel | |
| 773 | 0 |
_tBoletín de estudios económicos _gEstrategia y empresa - Vol. 55, Nº 169 (abr. 2000) _wREV5142 |
|
| 999 |
_c23240 _d23240 |
||